| 000 | 00477nam a22001817a 4500 | ||
|---|---|---|---|
| 003 | OSt | ||
| 005 | 20140310181910.0 | ||
| 008 | 130712t xxu||||| |||| 00| 0 eng d | ||
| 020 | _a9770119583008 | ||
| 050 |
_aGV 1507 _b.Sc416 1999 |
||
| 082 |
_aFIL 793.73 _bSc1 1999 |
||
| 245 | _aScience crosswords and other puzzles physics / | ||
| 260 |
_aMakati City : _bBelgosa Media systems, _c1999. |
||
| 300 |
_a48 p. _c23 cm. |
||
| 562 | _e1 | ||
| 942 |
_2lcc _cBK |
||
| 999 |
_c6482 _d6482 |
||